000 00880nam a2200265 i 4500
003 DO-SdBNP
005 20250203102714.0
007 ta
008 240410s2011 dr a 001 0 spa d
020 _a9789993467694
040 _aDO-SdBNP
_bspa
_cBNPHU
_erda
082 _axxx
_bC531m
_222
100 1 _aChez Checo, José,
_d1949-
_eautor
_4aut.
_910145
245 1 0 _aMontesino 1511 :
_bdimensión universal de un sermón /
_cJosé Chez Checo.
264 1 _aSanto Domingo :
_bEditora Búho,
_c2011.
300 _a161 páginas :
_bilustraciones ;
_c22 cm.
336 _btxt
_atexto
_2rdacontent
337 _asin mediación
_bn
_2rdamedia
338 _avolumen
_bnc
_2rdacarrier
500 _aIncluye Índice onomástico
500 _aIncluye referencias bibliográficas y notas al pie de las páginas
590 _aInventariado, 2024/ YL
910 _aYLockward
942 _2ddc
_cLBS1
999 _c35607
_d35607